| Tag |
First Indicator |
Second Indicator |
Subfields |
| LEADER |
00000cam a2200000 i 4500 |
| 001 |
in00003588621 |
| 005 |
20150928105410.0 |
| 008 |
150422s2015 enka f b 001 0 eng d |
| 035 |
|
|
|a (OCoLC)ocn920376596
|
| 035 |
|
|
|a (OCoLC)920376596
|
| 040 |
|
|
|a CDX
|e rda
|c CDX
|d YDX
|d BWK
|d BDX
|d COO
|
| 020 |
|
|
|a 9781780676067 (pbk.)
|
| 020 |
|
|
|a 1780676069 (pbk.)
|
| 050 |
|
4 |
|a T396.5
|b .H84 2015
|
| 082 |
0 |
|
|a 069.5
|2 23
|
| 049 |
|
|
|a TXAM
|
| 100 |
1 |
|
|a Hughes, Philip,
|d 1936-
|e author.
|
| 245 |
1 |
0 |
|a Exhibition design :
|b an introduction /
|c Philip Hughes.
|
| 250 |
|
|
|a Second edition.
|
| 264 |
|
1 |
|a London :
|b Laurence King Publishing,
|c 2015.
|
| 300 |
|
|
|a 232 pages :
|b chiefly color illustrations ;
|c 26 cm.
|
| 336 |
|
|
|a text
|b txt
|2 rdacontent
|
| 337 |
|
|
|a unmediated
|b n
|2 rdamedia
|
| 504 |
|
|
|a Includes bibliographical references (page 227) and index.
|
| 650 |
|
0 |
|a Exhibitions
|x Design.
|
| 945 |
|
|
|a PromptCat
|b 327062
|
| 946 |
|
|
|a stk
|
| 947 |
|
|
|a A14842904600
|
| 948 |
|
|
|a cataloged
|b h
|c 2015/9/28
|d c
|e dmitchel
|f 10:50:40 am
|
| 994 |
|
|
|a C0
|b TXA
|
| 999 |
f |
f |
|s 3802822a-aee3-378c-8cf8-11271972546f
|i 660cf10a-7d7d-32b5-abc1-7e4727bfa6d3
|t 0
|
| 952 |
f |
f |
|p normal
|a Texas A&M University
|b College Station
|c Sterling C. Evans Library
|d Evans: Library Stacks
|t 0
|e T396.5 .H84 2015
|h Library of Congress classification
|i unspecified -- unspecified
|m A14842904600
|
| 998 |
f |
f |
|a T396.5 .H84 2015
|t 0
|l Evans: Library Stacks
|